000 00286nam a22001337a 4500
020 _a9788177588743
082 _a620.3 RAO/ME
100 _aRao,Singiresu
245 _aMechanical vibrations
250 _a4th ed
260 _aNew Delhi
_bPearson
_c2011
300 _a1108
942 _cBK
999 _c13825
_d13825